| 000 | 01392nam a2200241Ia 4500 | ||
|---|---|---|---|
| 003 | Ost | ||
| 005 | 20260507075008.0 | ||
| 008 | 260507s9999||||xx |||||||||||||| ||und|| | ||
| 020 | _a9773790480 | ||
| 040 | _cfsecg | ||
| 041 | _aara | ||
| 082 | _a341.8 | ||
| 100 |
_aجمال الدين، صلاح الدين _eمؤلف |
||
| 245 | 0 |
_aالقانون الدولي الخاص بالجنسية و تنازع القوانين : _bدراسة مقارنة / _c صلاح الدين جمال الدين |
|
| 260 |
_aالاسكندرية: _bدار الفكر الجامعي, _c2008 |
||
| 300 |
_a479 صفحة؛ _c24 سم |
||
| 520 | _aالباب الأول : الجنسية فكرة الجنسية وأركانها في القواعد العمة مقارنة بالشريعة الاسلامية ، ثبوت الجنسية في التشريع المصري الباب الثاني : تنازع القوانين تحديد التشكيلات وتنازع القوانين ، تطبيق قاعدة الاسناد ، مشكلات تطبيق القانون الاجنبي ، بعض تطبيقات قواعد اختيار القانون الواجب التطبيق | ||
| 653 | _aالجنسية -قوانين وتشريعات | ||
| 653 | _aالقانون الدولي | ||
| 653 | _aالقانون الدولي الخاص | ||
| 653 | _aتنازع القوانين-مصر | ||
| 942 | _cكتاب | ||
| 999 |
_c42135 _d42135 |
||